| 000 | 00468 a2200169 4500 | ||
|---|---|---|---|
| 003 | OSt | ||
| 005 | 20240106114900.0 | ||
| 008 | 231218b |||||||| |||| 00| 0 eng d | ||
| 020 | _a9789387648401 | ||
| 040 | _coclc | ||
| 082 |
_a891.433 _bPRA/M |
||
| 100 |
_aPrakash, Uday _910171 |
||
| 245 |
_aMANGOSIL / _cUday Prakash |
||
| 260 |
_aNew Delhi: _bVani Prakashan, _c2020. |
||
| 300 | _a147p | ||
| 942 |
_2ddc _cBK _h891.433 _iPRA/M _k891.433 _mPRA/M |
||
| 999 |
_c43478 _d43478 |
||